LEADER 00953nam0-2200337 --450 001 9910369459703321 005 20200225161331.0 010 $a978-88-575-6021-2 100 $a20200206d2019----kmuy0itay5050 ba 101 0 $aita$cita 102 $aIT 105 $a y 105 $a 001yy 200 1 $aArtigiani dell'immaginario$ecultura, fiducia e cocreazione$f[Agostino Riitano] 210 $aMilano$aUdine$cMimesis$d2019 215 $a126 p.$d21 cm 225 1 $aEterotopie$v577 610 0 $aConoscenza 610 0 $aImmaginario 676 $a858.9208$v21$zita 676 $a306.42$v22$zita 700 1$aRiitano,$bAgostino$f<1977->$0772483 801 0$aIT$bUNINA$gREICAT$2UNIMARC 901 $aBK 912 $a9910369459703321 952 $aCOLLEZ. 2467 (577)$b478/2020$fFSPBC 952 $a306.42 RII 1$b7113$fBFS 959 $aFSPBC 959 $aBFS 996 $aArtigiani dell'immaginario$91577176 997 $aUNINA LEADER 02657oam 2200685I 450 001 9910450664203321 005 20200520144314.0 010 $a1-134-98823-0 010 $a1-280-11578-5 010 $a9786610115785 010 $a0-203-98127-8 024 7 $a10.4324/9780203981276 035 $a(CKB)1000000000254517 035 $a(EBL)235143 035 $a(OCoLC)153937451 035 $a(SSID)ssj0000134928 035 $a(PQKBManifestationID)11148977 035 $a(PQKBTitleCode)TC0000134928 035 $a(PQKBWorkID)10056168 035 $a(PQKB)11019523 035 $a(MiAaPQ)EBC235143 035 $a(Au-PeEL)EBL235143 035 $a(CaPaEBR)ebr10100129 035 $a(CaONFJC)MIL11578 035 $a(OCoLC)191952749 035 $a(EXLCZ)991000000000254517 100 $a20180331d1989 uy 0 101 0 $aeng 135 $aur|n|---||||| 181 $ctxt 182 $cc 183 $acr 200 14$aThe Darwinian paradigm $eessays on its history, philosophy, and religious implications /$fMichael Ruse 210 1$aLondon ;$aNew York :$cRoutledge,$d1989. 215 $a1 online resource (311 p.) 300 $aDescription based upon print version of record. 311 $a0-415-75499-2 311 $a0-415-00300-8 320 $aIncludes bibliographical references and index. 327 $aBook Cover; Title; Contents; Acknowledgements; Introduction; DARWIN'S DEBT TO PHILOSOPHY; CHARLES DARWIN AND GROUP SELECTION; WHAT KIND OF REVOLUTION OCCURRED IN GEOLOGY?; BIOLOGICAL SPECIES Natural kinds, individuals, or what?; IS THE THEORY OF PUNCTUATED EQUILIBRIA A NEW PARADIGM?; TELEOLOGY AND THE BIOLOGICAL SCIENCES; HUMAN SOCIOBOLOGY: AN INTERIM REPORT; BIOLOGICAL SCIENCE AND FEMINIST VALUES; IS RAPE WRONG ON ANDROMEDA? An introduction to extraterrestrial evolution, science, and morality; ULTIMATE QUESTIONS; EVOLUTIONARY THEORY AND CHRISTIAN ETHICS Are they in harmony?; Bibliography 327 $aIndex 330 $aA collection of essays - some already published, many new, which tackle the Darwinian paradigm from historical and contemporary perspectives. 606 $aEvolution (Biology) 606 $aEvolution$xPhilosophy 606 $aNatural selection 608 $aElectronic books. 615 0$aEvolution (Biology) 615 0$aEvolution$xPhilosophy. 615 0$aNatural selection. 676 $a116 676 $a575 676 $a576.82 700 $aRuse$b Michael.$0127879 801 0$bMiAaPQ 801 1$bMiAaPQ 801 2$bMiAaPQ 906 $aBOOK 912 $a9910450664203321 996 $aThe Darwinian paradigm$91896350 997 $aUNINA